UBT Library

Anesthesia and co-existing disease / (Record no. 41511)

000 -LEADER
fixed length control field 00620cam a2200217 a 4500
001 - CONTROL NUMBER
control field 3751377
005 - DATE AND TIME OF LATEST TRANSACTION
control field 20180201053340.0
008 - FIXED-LENGTH DATA ELEMENTS--GENERAL INFORMATION
fixed length control field 820830s1983 nyua b 001 0 eng
010 ## - LIBRARY OF CONGRESS CONTROL NUMBER
LC control number 82017680
020 ## - INTERNATIONAL STANDARD BOOK NUMBER
International Standard Book Number 0443081255
040 ## - CATALOGING SOURCE
Original cataloging agency DLC
Transcribing agency DLC
Modifying agency DLC
041 ## - LANGUAGE CODE
Language code of text/sound track or separate title eng
080 ## - UNIVERSAL DECIMAL CLASSIFICATION NUMBER
Universal Decimal Classification number 617.96
082 00 - DEWEY DECIMAL CLASSIFICATION NUMBER
Classification number 617.96 LIV
Edition number 20
100 ## - Rafti
Rafti 6
101 ## - Shkurtesa
Shkurtesa ANE
245 00 - TITLE STATEMENT
Title Anesthesia and co-existing disease /
Statement of responsibility, etc edited by Robert K. Stoelting and Stephen F. Dierdorf ; with 19 contributors.
504 ## - BIBLIOGRAPHY, ETC. NOTE
Bibliography, etc Includes bibliographies and index.
906 ## - LOCAL DATA ELEMENT F, LDF (RLIN)
a 7
b cbc
c orignew
d 1
e ocip
f 19
g y-gencatlg
942 ## - ADDED ENTRY ELEMENTS (KOHA)
Source of classification or shelving scheme
Item type Books
Holdings
Withdrawn status Lost status Source of classification or shelving scheme Damaged status Not for loan Collection code Permanent location Current location Shelving location Date acquired Total Checkouts Full call number Barcode Date last seen Price effective from Koha item type
          Koleksioni i përgjithshem UBT - Lipjan UBT - Lipjan Koleksioni i përgjithshem 02/01/2018   617.96 LIV 002-2997648 02/01/2018 02/01/2018 Books
UBT Library © 2015-2024. All rights reserved University Education for Business and Technology